000 01848nam a2200337 a 4500
001 ASIN2080305190
003 OSt
005 20180116192418.0
008 130805s2006 xxu eng d
020 _a2080305190 (hardcover)
_c$39.95
020 _a9782080305190 (hardcover)
040 _c00
050 0 4 _aTS171
082 0 4 _a745.2
245 0 0 _aIndustrial design techniques and materials /
_cRaymond Guidot, Jean-Baptiste Toulard, Jean Grenier, Jean-Jacques Salomon.
250 _aFLAMMARION ed.
260 _a:
_bFlammarion,
_c2006.
300 _a352 p. ;
_c22 cm.
520 _aThis comprehensive work traces the history of design materials, from the origins of mass production during the Industrial Revolution to contemporary use of wood, metals, and synthetics as well as their potential applications for the future. This exhaustive reference covers late nineteenth-century design implications, contemporary design materials and their uses, and design trends—from the influences of information technology on design conception to ecological design considerations. Raymond Guidot (editor), an eminent design theorist, has organized exhibitions at the Centre Georges Pompidou's Center for Industrial Creation and he has written and contributed to numerous books and exhibition catalogs on design.
650 0 _aComputer-aided design
_96915
650 0 _aDesign and technology
_96916
650 0 _aIndustrial design
_96917
650 0 _aMaterials--Technological innovations
_96918
700 1 _aGrenier, Jean.
_96919
700 1 _aGuidot, Raymond.
_96920
700 1 _aSalomon, Jean-Jacques.
_96921
700 1 _aToulard, Jean-Baptiste.
_96922
856 4 0 _3Amazon.com
_uhttp://www.amazon.com/exec/obidos/ASIN/2080305190/chopaconline-20
942 _2ddc
_cBK
999 _c353788
_d353788